| 000 | 00726nam a2200241Ia 4500 | ||
|---|---|---|---|
| 003 | OSt | ||
| 005 | 20220925210925.0 | ||
| 006 | a|||||r|||| 00| 0 | ||
| 007 | ta | ||
| 008 | 220923b |||||||| |||| 00| 0 eng d | ||
| 020 | _a8171320619 | ||
| 037 | _cGeneral Book | ||
| 040 |
_aRTL _cRTL _beng |
||
| 041 |
_2eng _aeng |
||
| 082 | _aX9(D5,1):8C.2.N9, N3 | ||
| 100 |
_aAziz A. _9273518 |
||
| 245 | 0 |
_aPerformance appraisal _b Accounting and quantitativ |
|
| 260 |
_aJaipur _bPointer Publishers India _c1993 |
||
| 300 |
_avii, 238p. Bibliography p.229-32; Appendix p.224-28 _ccm. |
||
| 650 | _aTyre Industry | ||
| 942 |
_hX9(D5,1):8C.2.N9, N3 _cGB _2CC |
||
| 999 |
_c556283 _d556283 |
||